000 01102cam a22003497a 4500
003 CHAP
005 20220329142607.0
008 010926d2000 mx r 00110 spa d
010 _a85436
011 _a86408
020 _a0471194263
035 _a96946
040 _cCHAP
082 0 4 _a634.922
_bF5
100 0 0 _aFisher, Richard F.
_941109
245 1 0 _aEcology and management of forest soils
_c/by Richard F. Fisher and Dan Binkley
250 _a3ed.
260 _aNew York :
_bJohn Wiley &Sons,
_c2000.
300 _a489 p. :
_bilus. ; gráfs.
590 _aBATCH-UPD
_b10
_c20130110
_lUCH01
_h1655
590 _aBATCH-UPD
_b10
_c20130409
_lUCH01
_h2252
590 _aBATCH-UPD
_b10
_c20130914
_lUCH01
_h0627
590 _aCONVERSION
_b10
_c20130109
_lUCH01
_h1347
650 1 4 _aBosques
_xEcología.
_914131
650 1 4 _aSuelos forestales.
_9110548
650 1 4 _aSuelos
_xManejo.
_9110423
700 0 0 _aBinkley, Dan
_912707
901 _aBK
905 _aAlejandra Carrasco M.
942 _cLIBRO
949 _a634.922 F5
_bBC
_cLIBRO
_d33724000862033
_eLIBRO
_h102198
_i96946
_kI.212362
_si
_t$ 1026.00
999 _c85436
_d85436